000 00445 a2200157 4500
020 _a0835913759
040 _aDLC
082 0 0 _a621.38223
100 1 _aAhmed, N. U.
245 1 0 _aDiscrete-time signals and systems
_cNasir Ahmed, T. Natarajan.
260 _aReston, Va. :
_bReston Pub. Co.,
_cc1983.
300 _axiii, 398 p. :
_bill. ;
_c24 cm.
650 0 _aDiscrete-time systems.
700 1 _aNatarajan, T.
942 _cBK
_k621.38223 NAS
_2ddc
999 _c8258
_d8258